000 00949nam a2200229Ia 4500
005 20240213091224.0
008 130821s2000 ck gr spa
020 _a9789587172805
040 _aCo-BoUCM
_bspa
_cDavid Moreno
_dDavid Moreno
041 0 0 _aspa
110 _aAlcaldia Mayot de Bogotá
_9119127
245 1 0 _aBogotá se transforma con Movilidad Verde Multimodal
_cLa alcaldia
260 _aBogotá (Colombia)
_bComercializadora Comsila S.A.S
_c2023
300 _a290 Paginas
500 _aPlan De Ordenamiento Terrotorial Bogota Reverdece 2022-2035
650 1 7 _aArquitectura
_97290
_xIngenieria
_zBogota, Colombia
650 1 7 _aDesarrollo urbano
_xPlanificación
_912996
_zBogota, Colombia
650 1 7 _aUrbanismo
_925989
_xUso de la tierra
_zBogota, Colombia
650 1 7 _aTransporte urbano
_xPlanificación
_925707
_zBogota, Colombia
942 _cLIBRO
_a17
_e1
_mE742
_2DEWEY
_h711.7
_n0
999 _c323864
_d323864